| 000 | 00950nam a22002417a 4500 | ||
|---|---|---|---|
| 010 | _a462649 | ||
| 020 | _c00.00 | ||
| 035 | _a462649 | ||
| 037 | _aCen Lib / Ret | ||
| 040 |
_aDPL _bHN |
||
| 082 |
_a016.22021 _bविश्वब |
||
| 245 |
_aऋगवेद -मन्त्रानुक्रमनिका / _bविश्वबन्धु |
||
| 246 |
_aindex the Rigved-Mantras / _bby Vishva Bandhu |
||
| 260 |
_aहोशियारपुर _bविश्वेश्वरानन्द संस्थानम _c1966 |
||
| 270 |
_bहोशियारपुर _aविश्वेश्वरानन्द संस्थानम |
||
| 300 |
_a140p. _b22cm. |
||
| 490 |
_aविश्वेश्वरानन्द संस्थानम _v396 |
||
| 650 | _aऋगवेद | ||
| 650 | _aवेद | ||
| 650 | _aRigveda | ||
| 650 | _aVeda | ||
| 942 |
_2ddc _cHN _h016.22021 _mविश्वब |
||
| 999 |
_c122342 _d122342 |
||